000 00340nam a2200145Ia 4500
008 191201s2008 xx 000 0 und d
082 _a621.3822
_bOPD
100 _aOPPENHEIM, Alan V
245 0 _aDigital Signal Processing
250 _aRep.
260 _aN.Delhi
_bPHI
_c2008
300 _a584
650 _aB.Tech(ECE)
942 _2ddc
_cBK
999 _c3816
_d3816